MDQL
is popping MORE tags! Check the
thread
!
Quizzes
Events
Quiz Creation
Community
Videos
Private Events
Remove Ads
Sign In
Join for FREE
Feedback
Dark Mode
Quiz Categories
Sports
Geography
Music
Movies
Television
Just For Fun
Miscellaneous
History
Literature
Language
Science
Gaming
Entertainment
Religion
Holiday
For Kids
Quiz Lab
Recent
Popular Today
Quiz Kudos Today
Editor Picks
Curator Picks
Quizzes by...
Day
Popularity
Type
Ratings
Length
Year
Community
Subscriptions
Recent Discussions
Orange Saloon
Badges
Playlists
Quests
Create
Leaderboards
Showdown
Live 5
Trivia Bingo
Activity
Puzzle Library
Sporcle Events
Private Events
Virtual Trivia
Globe League
Become a Host
Pub Owners
SporcleCon
Opinionation
Our Games
Videos
Blog
Mobile Apps
Partnerships
Remove Ads and Go Orange
Feedback
Literature
Harry Potter
A Song of Ice and Fire
The Hunger Games
Literary Character
Shakespeare
Book
Author
Novel
Poem
Young Adult
Children's Books
Play
Lord of the Rings
Literature
Harry Potter
A Song of Ice and Fire
The Hunger Games
Literary Character
Shakespeare
Book
Author
Novel
Poem
Young Adult
Children's Books
Play
Lord of the Rings
Random Quiz
Search Sporcle
×
Quiz Lab
Quiz Lab
Literature
Book
Type in answers that appear in a list
Type in answers that appear in a list
Classic
Best Score? Go Orange.
Authors By Literary Work (WARNING:VERY DIFFICULT) Stats
Can you name the Authors By Literary Work?
By
mbrodeur
10m
100 Questions
200 Plays
200 Plays
200 Plays
Comments
Comments
Give Quiz Kudos
Give Quiz Kudos
-
- Ratings
hide this ad
Forced Order
Answers have to be entered in order
Answers have to be entered in order
Random Order
Randomize order of answers
Randomize order of answers
Replay
Link that replays current quiz
Next Quiz
Link to next quiz in quiz playlist
You Got
0%
They Got
Avg Score
28%
Avg Friend Score
Upgrade to see
Score Distribution
Jump to the score distribution portion of the page
Score
0/100
Timer
10:00
0
Plays Today
Novel
Author
% Correct
Clockwork Orange
Burgess
80.5%
Walden
Henry David Thoreau
77%
A Passage to India
Forster
75.5%
Ivanhoe
Scott
72%
The Mystery of Edwin Drood
Dickens
71.6%
Vanity Fair
Thackeray
70.5%
The Prince and the Pauper
Twain
69.5%
Silas Marner
Eliot
68.5%
Cannery Row
Steinbeck
66%
A Room of One's Own
Woolf
64.5%
The Maltese Falcon
Hammett
63.5%
Tom Jones
Fielding
63.5%
The Death of Ivan Ilyich
Tolstoy
63%
The Pearl
Steinbeck
62.3%
Orlando
Woolf
59%
The Crying of Lot-
49
Pynchon
57.4%
The Naked and the Dead
Mailer
55.5%
Sister Carrie
Theodore Dreiser
52%
The Red Pony
Steinbeck
49.7%
If
Rudyard Kipling
46.1%
Burmese Days
Orwell
44.5%
The Golden Bowl
James
38%
The Executioner's Song
Mailer
37%
The Thin Man
Hammett
36.5%
Elmer Gantry
Lewis
36.5%
The Descent of Man
Darwin
35.8%
She Stoops to Conquer
Oliver Goldsmith
35%
The Bells
Poe
34.7%
The Protestant Ethic and the Spirit of Capitalism
Weber
34.2%
The Man Who Would Be King
Kipling
34%
The Library of Babel
Borges
33.5%
Disgrace
Coetzee
33%
The Cairo Trilogy
Mahfouz
30.9%
Anthem for Doomed Youth
Owen
30.5%
Novel
Author
% Correct
Civilization and Its Discontents
Sigmund Freud
29.5%
The Narrative of Arthur Gordon Pym
Poe
29.5%
The Life and Times of Michael K
Coetzee
28%
La Vita Nuova
Dante
26.5%
Areopagitica
Milton
26.5%
R.U.R
Capek
26%
Of Grammatology
Derrida
25.5%
House of the Dead
Dostoyevsky
25.5%
Walden II
Skinner
25%
The Apology
Plato
24%
Tract on Monetary Reform
Keynes
24%
Shame
Rushdie
23%
Grimus
Rushdie
22.5%
Nature
Emerson
22.5%
Moses and Monotheism
Sigmund Freud
20.5%
Waiting for the Barbarians
Coetzee
20.5%
The Real Life of Sebastian Knight
Nabokov
20.5%
Suicide
Durkheim
20%
Men Without Women
Hemingway
19.5%
Poor Folk
Dostoyevsky
19.5%
Narcissus and Goldmund
Hesse
19%
Theory of Moral Sentiments
Smith
19%
Aunt Julia and the Script Writer
Vargas Llosa
19%
The Arrow of God
Achebe
19%
The Bronze Horseman
Pushkin
18.5%
The Ghost Writer
Roth
18%
Jenny Gerhart
Theodore Dreiser
17%
Twilight of the Idols
Nietzsche
17%
The Feast of the Goat
Vargas Llosa
16%
Victory
Conrad
15.5%
The Division of Labor in Society
Durkheim
15.5%
The Bet
Chekhov
15.5%
Three Soliders
Dos Passos
15.3%
Exit Ghost
Roth
15%
Novel
Author
% Correct
Fury
Rushdie
15%
Death and the King's Horsemen
Soyinka
14.5%
The Black Swan
Mann
13.5%
A Man of the People
Achebe
13.5%
Crabwalk
Grass
13%
Capt. Stormfields Visit to Heaven
Twain
13%
The Captain's Daughter
Pushkin
13%
John Bull's Other Island
Shaw
13%
The Seducer's Diary
Kierkegaard
12.5%
The War of the End of the World
Vargas Llosa
12.5%
A Plea for Capt. John Brown
Thoreau
12%
Get a Life
Gordimer
12%
Chamber Music
Joyce
12%
The Respectful Prostitute
Sartre
12%
Georges
Dumas
12%
The Red Room
Strindberg
11.5%
Ancient Evenings
Mailer
11.5%
The Sun Stone
Paz
11%
One of Ours
Cather
11%
When We Dead Awaken
Ibsen
11%
The Rover
Conrad
10.5%
By the Waters of Babylon
Benet
10%
The Pickup
Gordimer
9.5%
A Retrieved Reformation
O. Henry
9.5%
The Hind and the Panther
Dryden
9.4%
The Lying Days
Gordimer
9%
The Holy Sinner
Mann
9%
American Names
Benet
8.5%
A Dialogue Between Body and Soul
Marvell
8%
Stages on Life's Way
Kierkegaard
7.5%
The Carrige
Gogol
6.5%
World's End
Upton Sinclair
5.5%
Quiz Playlist
Details
Report
Send in Message
Add To Playlist
Classic:
Type in answers that appear in a list
Forced Order:
Answers have to be entered in order
Random Order:
Randomize order of answers
Last Updated: Feb 16, 2017
Quiz Scoreboard
CHALLENGE
Sign Up to Join the Scoreboard
Show All
Scores
Hide
Comments
May contain spoilers
Recently Published
Two Season TV Shows II
by 123Four
Television
10m
Image Sorting: Flags VI
by Barbecue
Geography
2m
Find the 'City' Movie
by crazypaving
Movies
60s
More to Explore
Quiz From the Vault
Featured Blog Post
14 Easter Pick-up Lines to Find Eggs With
hide this ad
You Might Also Like...
Tags
Author Quiz
Book Quiz
Novel Quiz
difficult
Warning
Today's Top Quizzes in Literature
Browse Literature
hide this ad
Today's Top Quizzes in Book
Browse Book
Top Contributed Quizzes in Literature
1
Sneaky Slytherin Logic Puzzle
2
Harry Potter logic puzzle: The Hogwarts Soap Opera
3
Get The Picture: Black or White Literature
4
'Middle' Earth
5
Harry Potter Slytherin Logic Puzzle
6
ASOIAF Siblings Logic Puzzle
7
Logic Puzzle: Avoid Dumbledore's Army
8
The Men of ASOIAF - Logic Puzzle (Hard)
9
A Song of Ice and Fire Logic Puzzle
10
Quick Pick: Easter in Book Titles
Explore More
Trending Topics
Crossword
Marvel
Disney
NBA
Harry Potter
Kpop
Anime
Pokémon
Puzzle
The Office
Song
Country
WWE
Soccer
NFL
hide this ad
More By:
mbrodeur
Quiz
Plays
Rating
Category
Featured
Created
Capitals of Countries in Middle East
486
4.67
Geography
Jan 12, 2012
State Nicknames
386
5.00
Geography
Nov 24, 2011
Classic Novels By Main Character
240
4.33
Literature
Nov 24, 2011
Authors By Literary Work (WARNING:VERY DIFFICULT)
200
3.67
Literature
Dec 22, 2011
Authors By Literary Work 2! (WARNING: VERY DIFFICULT)
66
4.00
Literature
Dec 26, 2012
Go to Creator's Profile
Score Distribution
Quiz Creator Spotlight
mbrodeur
Follow
Send a Message
Quizzes Created
-
Created Quiz Play Count
-
More By This Creator
Popular Quizzes Today
1
Colored Red Africa Blitz
2
Find the US States - No Outlines Minefield
3
Find the 'City' Movie
4
5x2 Blitz: Bands
5
The Countries of the World
6
Find the US States
7
Find the Countries of Europe - No Outlines Minefield
8
US States
More Literature Quizzes
Piling On: Novels
Editor's Pick
Trending Quizzes
Colored Red Europe Blitz I
Colored Red Africa Blitz II
Colored Red Europe Blitz II
Colored Red Africa Blitz III
Colored Red Europe Blitz III
Recently Updated
How Do You Spell That?
pecheneg
Godzilla Movies
pecheneg
Grab Bag: 4-10 Letters
pecheneg
2024 March Madness Bracket
pecheneg
Famous TV Couples
Peacemaker
Champions League XIs: Real Madrid
pecheneg
Largest US Cities 1790-2010
pecheneg
Rides in Walt Disney World
pecheneg
Most Oscar Losses (Acting)
pecheneg
Beyoncé Albums
pecheneg
Trending Topics
Disney
NBA
Anime
Kpop
Harry Potter
Crossword
Marvel
NFL
Pokémon
Song
Country
Puzzle
The Office
Soccer
WWE
Your Account Isn't Verified!
In order to create a playlist on Sporcle, you need to verify the email address you used during registration. Go to your
Sporcle Settings
to finish the process.
Report this User
Report this user for behavior that violates our
Community Guidelines
.
Details:
Send Report
Go to the Sporcle.com Mobile Site →
Comments